00278nam a2200109Ia 4500008004100000100002100041245003600062260003900098300000900137942000700146999001500153190216s9999||||xx |||||||||||||| ||und|| aAmrit Bir Tiwana 0aPractical Guide To The Internet bGalgotia Publication Pvt Ltfc1997 a272p cBK c8615d8615